000 00933cab a2200265 4500
001 ABS54457
008 090401t1996 xxu||||| |||| 00| 0 eng d
035 _a(Sirsi) u10472
041 _aeng
245 _aSustainedly flows the Don
260 _c1996
350 _a0
490 _aPlanning Week
_v4(2) 11 January 1996, 16-17(2)
520 _aDoncaster CC`s planned Earth Centre scheme for regenerating a former coal mining area involving 50 different construction, landscape, agriculture, horticulture, aquaculture and infrastructure projects to be built in six phases between 1996 and 1999 promotes the concept of sustainability.
650 _aCOAL MINING AREAS
650 _aDEARNE INITIATIVE
650 _aDEARNE VALLEY
650 _aDERELICT LAND
650 _aEARTH CENTRE
650 _aSUSTAINABLE DEVELOPMENT
650 _aURBAN REGENERATION
690 _aURBAN RENEWAL
942 _n0
948 _c04/03/1997
999 _c6611
_d6611